| 000 | 00811nam a22002292 4500 | ||
|---|---|---|---|
| 001 | 0000020729 | ||
| 005 | 20151217152221.0 | ||
| 008 | 111006s xx 000 0 eng d | ||
| 020 | _a0521520782 : | ||
| 040 |
_aKABU _cKABU |
||
| 100 | 1 |
_aColeman, Stephen. _@0000181254 |
|
| 245 | 1 | 4 |
_aThe Internet and democratic citizenship : _btheory, practice and policy / _cStephen Coleman, Jay G. Blumber. |
| 250 | _a1st hed. | ||
| 260 |
_aCambridge : _bCUP, _c2009. |
||
| 300 | _aix, 221 p. | ||
| 650 | 0 |
_aPolitical participation _xTechnological innovations _zGreat Britain. _@0000181255 |
|
| 650 | 0 |
_aInformation technology _xPolitical aspects _zGreat Britain. _@0000181256 |
|
| 700 | 1 |
_aBlumler, Jay G. _@0000181257 |
|
| 852 | 1 | _9p2788 KES | |
| 908 | _a111006 | ||
| 950 | _@1 | ||
| 999 |
_c9484 _d9484 |
||